| 000 | 00595nam a22001817a 4500 | ||
|---|---|---|---|
| 999 |
_c175048 _d175048 |
||
| 005 | 20200805144345.0 | ||
| 010 | _aENG-128313 | ||
| 020 |
_c395.00 _a9789352837199 |
||
| 035 | _aEN-111845 | ||
| 037 | _bDBAD/PUB | ||
| 082 | _a621.3 | ||
| 100 | _aMehta,V.K | ||
| 245 |
_aPrinciples of Electrical Engineering and Electronics/ _cby R.D.Madan |
||
| 260 |
_aNew Delhi _bS.Chand _c2019 |
||
| 270 |
_aHead Office:7361,Ram Nagar,Qutab Rord _bNew Delhi _e110055 _k23672080 _l91-11-23677446 _minfo@schandpublishing.com |
||
| 300 |
_axiv;946p. _c24cm(pbk) |
||
| 942 |
_2ddc _cEN _h621.3 _mMEH |
||